Largest Cities in Europe Beginning With 'B' - Statistics

General Stats
  • This quiz has been taken 642 times
  • The average score is 14 of 18
Answer Stats
# Population Country Answer % Correct
2 4,750,000 Germany Berlin
100%
1 4,900,000 Spain Barcelona
99%
3 3,150,000 United Kingdom Birmingham
99%
4 2,725,000 Belgium Brussels
99%
5 2,650,000 Hungary Budapest
99%
6 2,200,000 Romania Bucharest
98%
7 1,430,000 Serbia Belgrade
96%
17 475,577 Slovakia Bratislava
93%
8 1,120,000 France Bordeaux
88%
11 877,656 Spain Bilbao
78%
12 826,219 United Kingdom Bristol
77%
15 557,169 Switzerland Basel
76%
13 630,000 United Kingdom Belfast
73%
9 1,000,000 Germany Bremen
72%
14 581,555 United Kingdom Brighton
58%
10 932,500 Germany Bielefeld - Herford
49%
16 553,849 United Kingdom Bournemouth
46%
18 467,745 United Kingdom Blackburn / Burnley
30%
No matching quizzes found
Score Distribution
Percent of People with Each Score
Percentile by Number Answered
Your Score History
You have not taken this quiz